[Event "NOR-chT Clubs"]
[Site "Drammen"]
[Date "2022.05.26"]
[Round "5"]
[White "Eriksen, Olai Dyrhaug"]
[Black "Ivanov, Dmitry N"]
[Result "0-1"]
[WhiteElo "1814"]
[BlackElo "2090"]
[PlyCount "70"]
[EventDate "2022.05.26"]
[EventType "team-swiss"]
[EventRounds "6"]
[EventCountry "NOR"]
[SourceTitle "EXT 2024"]
[Source "ChessBase"]
[SourceDate "2023.10.10"]
[SourceVersion "1"]
[SourceVersionDate "2023.10.10"]
[SourceQuality "1"]
[WhiteTeam "Bergens II"]
[BlackTeam "Drammen"]
[WhiteTeamCountry "NOR"]
[BlackTeamCountry "NOR"]

1. e4 d5 2. exd5 Qxd5 3. Nf3 Nf6 4. Be2 Bg4 5. 0-0 Nc6 6. h3 Bh5 7. d4 0-0-0 8. c4 Qd7 9. d5 Bxf3 10. Bxf3 Ne5 11. Be2 e6 12. dxe6 Qxe6 13. Qa4 Bc5 14. Nd2 Rhe8 15. Nb3 Ned7 16. Nxc5 Nxc5 17. Qxa7 Qxe2 18. Be3 Nd3 19. Qa8+ Kd7 20. Qxb7 Re6 21. Rad1 Ke8 22. Rd2 Qh5 23. Qxc7 Ne4 24. Rdd1 Qe5 25. Qa7 Qxb2 26. Rb1 Qf6 27. Rb8 Rxb8 28. Qxb8+ Qd8 29. Qb5+ Kf8 30. a4 Qc7 31. Ra1 Qe5 32. Ra3 Qd6 33. Ra1 Nexf2 34. Bxf2 Nxf2 35. Qd5 Ne4 0-1

[Event "Bergen Grand Prix op"]
[Site "Bergen"]
[Date "2021.11.28"]
[Round "5"]
[White "Mansoor, Afras"]
[Black "Eriksen, Olai Dyrhaug"]
[Result "1-0"]
[WhiteElo "1997"]
[BlackElo "1786"]
[PlyCount "61"]
[EventDate "2021.11.26"]
[EventType "swiss"]
[EventRounds "5"]
[EventCountry "NOR"]
[SourceTitle "CBM 205 Extra"]
[Source "ChessBase"]
[SourceDate "2022.01.31"]
[SourceVersion "1"]
[SourceVersionDate "2022.01.31"]
[SourceQuality "1"]

1. d4 Nf6 2. c4 c5 3. d5 b5 4. cxb5 a6 5. bxa6 g6 6. Nc3 Bxa6 7. e4 Bxf1 8. Kxf1 d6 9. Nf3 Bg7 10. g3 0-0 11. Kg2 Nbd7 12. Qe2 Qa5 13. Bd2 Qa6 14. Qxa6 Rxa6 15. h3 Nb6 16. b3 c4 17. Rab1 Nfd7 18. Rhc1 Nc5 19. b4 Nd3 20. Rc2 f5 21. Ng5 Bxc3 22. Bxc3 fxe4 23. Bd4 Nxd5 24. b5 Ra5 25. Ne6 Rb8 26. Rxc4 Rxa2 27. b6 Nxf2 28. b7 Ng4+ 29. Kg1 Nh2 30. Rc8+ Kf7 31. Ng5# 1-0

[Event "Bergen Autumn op-A"]
[Site "Bergen"]
[Date "2020.12.15"]
[Round "6"]
[White "Rasmussen, Jonas H"]
[Black "Eriksen, Olai Dyrhaug"]
[Result "0-1"]
[WhiteElo "1991"]
[BlackElo "1726"]
[PlyCount "80"]
[EventDate "2020.09.08"]
[EventType "swiss"]
[EventRounds "6"]
[EventCountry "NOR"]
[SourceTitle "EXT 2024"]
[Source "ChessBase"]
[SourceDate "2023.10.10"]
[SourceVersion "1"]
[SourceVersionDate "2023.10.10"]
[SourceQuality "1"]

1. d4 Nf6 2. Nf3 c5 3. d5 b5 4. a4 b4 5. c4 g6 6. Nbd2 Bg7 7. e4 d6 8. Bd3 0-0 9. 0-0 e5 10. Nb3 Ne8 11. Bg5 Qc7 12. Nfd2 f6 13. Bh4 f5 14. f4 exf4 15. exf5 Bxf5 16. Bxf5 Rxf5 17. Qc2 Nd7 18. Rae1 Ne5 19. h3 Nf6 20. Nf3 Nxf3+ 21. Rxf3 Nd7 22. Re7 Bf8 23. Re4 Bh6 24. Re7 Bf8 25. Re4 Ne5 26. Rfxf4 Rxf4 27. Rxf4 Bh6 28. Rf1 Qd7 29. Nc1 Rf8 30. Rxf8+ Bxf8 31. b3 Bh6 32. Bg3 Be3+ 33. Kh2 Qg7 34. Nd3 Ng4+ 35. Kh1 Qa1+ 36. Ne1 Nh6 37. Kh2 Nf5 38. Qe2 Nxg3 39. Kxg3 Qe5+ 40. Kg4 Qf4# 0-1

[Event "Straume Bronstein Cup A"]
[Site "Straume"]
[Date "2019.10.27"]
[Round "6"]
[White "Thorbjornsen, Ask Maardalen"]
[Black "Eriksen, Olai Dyrhaug"]
[Result "0-1"]
[WhiteElo "1177"]
[BlackElo "1495"]
[PlyCount "82"]
[EventDate "2019.10.27"]
[EventType "swiss (rapid)"]
[EventRounds "6"]
[EventCountry "NOR"]
[SourceTitle "EXT 2024"]
[Source "ChessBase"]
[SourceDate "2023.10.10"]
[SourceVersion "1"]
[SourceVersionDate "2023.10.10"]
[SourceQuality "1"]

1. e4 c6 2. Nc3 d5 3. exd5 cxd5 4. d4 Bf5 5. Nf3 e6 6. a3 a6 7. Be3 Bd6 8. Bd3 Bxd3 9. Qxd3 Nc6 10. 0-0 Nf6 11. Rfe1 0-0 12. Bg5 h6 13. Bh4 Be7 14. Bg3 Nh5 15. Ne5 Nxg3 16. Qxg3 Nxd4 17. Qd3 Nf5 18. Rad1 Rc8 19. h3 Bd6 20. Nf3 Qc7 21. Rd2 Ne7 22. Kh1 Qc4 23. Qe3 Bf4 24. Qe2 Bxd2 25. Qxd2 Ng6 26. g3 Rfd8 27. Rd1 b5 28. Kg2 a5 29. Qd4 Qxd4 30. Nxd4 b4 31. axb4 axb4 32. Nce2 e5 33. Nf3 Rxc2 34. Rd2 Rdc8 35. Rxc2 Rxc2 36. Neg1 Rxb2 37. Kf1 b3 38. Ke1 Ra2 39. Kd1 b2 40. Kc2 b1Q+ 41. Kxb1 Rxf2 0-1

[Event "Sotra Youth A"]
[Site "Straume"]
[Date "2019.08.31"]
[Round "1"]
[White "Eriksen, Olai Dyrhaug"]
[Black "Mansoor, Afras"]
[Result "1/2-1/2"]
[WhiteElo "1499"]
[BlackElo "2078"]
[PlyCount "85"]
[EventDate "2019.08.31"]
[EventType "swiss"]
[EventRounds "5"]
[EventCountry "NOR"]
[SourceTitle "EXT 2024"]
[Source "ChessBase"]
[SourceDate "2023.10.10"]
[SourceVersion "1"]
[SourceVersionDate "2023.10.10"]
[SourceQuality "1"]

1. d4 Nf6 2. c4 g6 3. g3 Bg7 4. Bg2 0-0 5. Nc3 d6 6. Nf3 Nc6 7. 0-0 a6 8. b3 Rb8 9. Bb2 e5 10. dxe5 dxe5 11. Qxd8 Rxd8 12. Rfd1 Bg4 13. h3 Bxf3 14. Bxf3 Nd4 15. Bg2 b5 16. cxb5 axb5 17. e3 Ne6 18. Rxd8+ Nxd8 19. Rc1 c5 20. Nd5 Nxd5 21. Bxd5 Rc8 22. Ba3 Bf8 23. Bb2 Bd6 24. a4 bxa4 25. bxa4 Nc6 26. Ba3 Na5 27. Bb4 Nc6 28. Ba3 Kf8 29. Kg2 Ke7 30. Bxc5 Bxc5 31. Rxc5 Na7 32. Rxc8 Nxc8 33. a5 f5 34. g4 Kd6 35. Bg8 h6 36. gxf5 gxf5 37. Bc4 Kc5 38. Be2 Nd6 39. f3 f4 40. exf4 exf4 41. h4 Nf5 42. Kh3 Nd4 43. Bd1 1/2-1/2

[Event "Sotra Youth A"]
[Site "Straume"]
[Date "2019.08.31"]
[Round "3"]
[White "Eriksen, Olai Dyrhaug"]
[Black "Sekkingstad, Thomas"]
[Result "1-0"]
[WhiteElo "1499"]
[BlackElo "1763"]
[PlyCount "73"]
[EventDate "2019.08.31"]
[EventType "swiss"]
[EventRounds "5"]
[EventCountry "NOR"]
[SourceTitle "EXT 2024"]
[Source "ChessBase"]
[SourceDate "2023.10.10"]
[SourceVersion "1"]
[SourceVersionDate "2023.10.10"]
[SourceQuality "1"]

1. e4 c6 2. d4 d5 3. Nc3 dxe4 4. Nxe4 Bf5 5. Ng3 Bg6 6. Nh3 h6 7. Nf4 Bh7 8. Bc4 Nf6 9. 0-0 Nd5 10. c3 e6 11. Re1 Be7 12. Ngh5 0-0 13. Qg4 Bf6 14. Nxd5 cxd5 15. Bxh6 dxc4 16. Bxg7 Bf5 17. Qg3 Bh4 18. Qe3 Re8 19. Qh6 f6 20. Bxf6 Bxf6 21. Nxf6+ Kf7 22. Nxe8 Qxe8 23. Qh5+ Kf8 24. Qf3 Qc6 25. Qh5 Qe8 26. Qxe8+ Kxe8 27. h3 Kf7 28. g4 Bd3 29. Kg2 Nc6 30. Kg3 Ne7 31. f4 Nd5 32. Re5 Nf6 33. Rae1 Be4 34. R5xe4 Nxe4+ 35. Rxe4 Rd8 36. Re5 b6 37. h4 1-0

[Event "Sotra Youth A"]
[Site "Straume"]
[Date "2019.08.31"]
[Round "2"]
[White "Schick, Matheo"]
[Black "Eriksen, Olai Dyrhaug"]
[Result "1-0"]
[WhiteElo "1480"]
[BlackElo "1499"]
[PlyCount "119"]
[EventDate "2019.08.31"]
[EventType "swiss"]
[EventRounds "5"]
[EventCountry "NOR"]
[SourceTitle "EXT 2024"]
[Source "ChessBase"]
[SourceDate "2023.10.10"]
[SourceVersion "1"]
[SourceVersionDate "2023.10.10"]
[SourceQuality "1"]

1. e4 c6 2. d4 d5 3. exd5 cxd5 4. Bd3 Nf6 5. c3 Nc6 6. h3 e6 7. Nf3 Bd6 8. Bg5 h6 9. Be3 a6 10. Nbd2 0-0 11. 0-0 b5 12. Nh2 Bd7 13. Ng4 Nxg4 14. hxg4 Na5 15. g5 hxg5 16. Qh5 f5 17. Bxg5 Qe8 18. Qh4 Qg6 19. f4 Nc4 20. Bxc4 bxc4 21. Nf3 Rab8 22. Qf2 Rb7 23. Ne5 Bxe5 24. dxe5 Rfb8 25. Rab1 Qe8 26. Qe2 a5 27. Rf3 Qh5 28. Qf2 a4 29. Rh3 Qg6 30. a3 Rb3 31. Be7 R3b5 32. Rg3 Qh5 33. Bf6 g6 34. Rh3 Qg4 35. Rh4 Rxb2 36. Rxb2 Qd1+ 37. Kh2 Rxb2 38. Qxb2 Qb3 39. Qxb3 axb3 40. Rh8+ Kf7 41. Rb8 d4 42. cxd4 Ba4 43. Bh4 c3 44. Be1 c2 45. Bd2 Ke7 46. Bc1 Kd7 47. Rb4 Kc6 48. Rxa4 Kb5 49. Rb4+ Ka5 50. Rxb3 Ka4 51. Rb4+ Ka5 52. Rc4 g5 53. fxg5 f4 54. g6 f3 55. gxf3 Kb5 56. Rb4+ Kc6 57. g7 Kd5 58. g8Q Kc6 59. Qxe6+ Kc7 60. Qd6+ 1-0

[Event "Hordaland-ch NGP"]
[Site "Bergen"]
[Date "2018.06.09"]
[Round "3"]
[White "Eriksen, Olai Dyrhaug"]
[Black "Bjorkly, Sara Marie Skaug"]
[Result "0-1"]
[WhiteElo "1399"]
[BlackElo "1365"]
[PlyCount "102"]
[EventDate "2018.04.23"]
[EventType "swiss"]
[EventRounds "6"]
[EventCountry "NOR"]
[SourceTitle "EXT 2024"]
[Source "ChessBase"]
[SourceDate "2023.10.10"]
[SourceVersion "1"]
[SourceVersionDate "2023.10.10"]
[SourceQuality "1"]

1. e4 d5 2. exd5 Nf6 3. d4 Nxd5 4. c4 Nf6 5. h3 c5 6. Nf3 cxd4 7. Qxd4 Qxd4 8. Nxd4 a6 9. Be2 e5 10. Nb3 Nbd7 11. 0-0 b6 12. Kh1 Bb7 13. f4 e4 14. Nc3 Bb4 15. Bd2 Bd6 16. Rfe1 0-0 17. Rad1 Rad8 18. Be3 Bc7 19. a4 Rfe8 20. g4 Nc5 21. Nxc5 bxc5 22. g5 Nd7 23. Nd5 Ba5 24. Bd2 Bxd2 25. Rxd2 Nb6 26. Red1 Nxd5 27. cxd5 e3 28. Rd3 Re4 29. Kh2 Rxf4 30. Rxe3 Rf5 31. d6 Kf8 32. Re7 Bc6 33. Bxa6 Rd5 34. Rxd5 Bxd5 35. Rc7 Rxd6 36. Rxc5 Rxa6 37. Rxd5 Rxa4 38. Re5 Rb4 39. Re2 Rb5 40. h4 Rb3 41. h5 Rb5 42. Rg2 h6 43. gxh6 Rxh5+ 44. Kg1 Rxh6 45. b4 Rb6 46. Rb2 f5 47. Kf2 Ke7 48. Kf3 g5 49. Rg2 Kf6 50. Rb2 Rb5 51. Rb1 Ke5 0-1